000 00931cam a2200301 a 4500
001 16732223
003 OSt
005 20150408114010.0
008 110412s2008 moua b 001 0 eng
010 _a 2010481688
020 _a9780721605715
020 _a0721605710
040 _aDLC
_cDLC
_dDLC
042 _apcc
050 0 0 _aRD734
_b.M34 2008
082 0 0 _a616.7075
_223
100 1 _aMagee, David J.
_910173
245 1 0 _aOrthopedic physical assessment /
_cDavid J. Magee.
250 _a5th ed.
260 _aSt. Louis, Mo. :
_bSaunders Elsevier,
_cc2008.
300 _axi, 1138 p. :
_bill. (some col.) ;
_c29 cm. +
_e1 CD-ROM (4 3/4 in.)
504 _aIncludes bibliographical references and index.
650 0 _aOrthopedics
_xDiagnosis.
_910174
650 0 _aPhysical diagnosis.
_95591
650 0 _aPhysical orthopedic tests.
_910175
942 _2ddc
_cBOOK
999 _c21152
_d255652